000 00634nam a2200193Ia 4500
005 20250508162351.0
008 008 250505s9999 xx 000 0 eng d
037 _aDissertations
040 _aFEDL
_beng
_cFEDL
041 _aeng
_2eng
084 _a640, BHA/DI
_qFEDL
100 _aBhansali Jyoti
_9772984
245 0 _aStudy of the extent of divergent thinking in the foods and nutrition course (as conceived by class xi home science students of Delhi).
260 _c1982
300 _a104p.
546 _aM.Ed. Dissertation 1982 (Delhi University)
942 _cDIS
_h640, BHA/DI
999 _c1376100
_d1376100